Statistics for Countries with a 'Y' in their name:

Click here to take the quiz!

General Stats

  • This quiz has been taken 80 times
  • The average score is 16 of 19

Answer Stats

HintAnswer% Correct
YYemen
100%
PParaguay
97%
UUruguay
97%
IItaly
89%
GGermany
88%
HHungary
86%
TTurkey
86%
Syria
85%
CCyprus
84%
EEgypt
84%
LLibya
84%
MMalaysia
84%
NNorway
84%
Guyana
82%
Kyrgyzstan
82%
KKenya
74%
Myanmar
70%
SSeychelles
62%
Ivory Coast
55%

Score Distribution

Percentile by Number Answered

Percent of People with Each Score

Your Score History

You have not taken this quiz